00222nam a2200097Ia 4500008004100000041000800041100001600049245003000065650001000095999001900105230605s9999 xx 000 0 und d aeng aEurodelioes aDine with europe Desserts aF. P. c416888d416888